000
00341nam a22001457a 4500
008
180214b xxu||||| |||| 00| 0 eng d
020
_a
9780470840306
041
_a
eng
080
_a
338 HUB
082
_a
338 HUB
100
_a
54
101
_a
MEN
245
_a
Introduction to business information systems
_c
Huber,M.W
942
_2
udc
_c
BK
999
_c
42499
_d
42499